banner-ar

احجار الفراعنة (Record no. 56524)

MARC details
000 -الفاتح
حقل البيانات ثابتة الطول 00401nam a2200121Ia 4500
008 - عناصر البيانات ثابتة الطول - معلومات عامة
حقل البيانات ثابتة الطول 140319s9999 xx 000 0 ara d
040 ## - مصدر الفهرسة
وكالة الفهرسة الأصلية GCL /
وكالة النسخ GCL
082 04 - رقم تصنيف ديوى العشرى
رقم التصنيف ط
رقم المادة 813.081
-- م ا
245 10 - بيان العنوان
العنوان احجار الفراعنة
260 ## - PUBLICATION, DISTRIBUTION, ETC. (IMPRINT)
تاريخ النشر أو التوزيع 1989
490 ## - بيان السلسلة
عنوان السلسلة سلسلة امجاد الاجداد للاطفال
رقم المجلد/ التعيين التسلسلي 0
260 ## - PUBLICATION, DISTRIBUTION, ETC. (IMPRINT)
-- [S.N] :
-- وزارة الثقافة هيئة الاثار المصرية ،
Holdings
حالة التراجع حالة الفقد حالة تلف ليس للاعارة المكان المؤقت الموقع الحالى تاريخ الاكتساب اجمالي اﻻعارات رقم الطلب الباركود تاريخ اخر مشاهدة تاريخ تفعيل السعر نوع وعاء كوها
        مكتبة القاهرة الكبرى مكتبة القاهرة الكبرى 03/26/2014   ط\813.081\م ا 136202 03/26/2014 03/26/2014 كتاب

Powered By

EGPV